Score 0/25 Timer 04:00
0 Plays Today
% Correct
Friends
95.1%
The Big Bang Theory
91.9%
The Cosby Show
83.4%
I Love Lucy
82.1%
The Simpsons
81.9%
How I Met Your Mother
79.6%
The Golden Girls
78.2%
Happy Days
78%
M*A*S*H
77%
That '70s Show
75.1%
Game of Thrones
74.7%
Parks and Recreation
74.5%
Everybody Loves Raymond
74%
% Correct
American Dad!
71.7%
Frasier
71%
The Walking Dead
65.7%
South Park
64%
Gilmore Girls
58.1%
Teen Titans
54.2%
Riverdale
39.7%
This Is Us
35.9%
House of Cards
35%
Dexter
33.9%
Once Upon a Time
33%
Archer
30.3%
Remove Ads.
Support Sporcle.
Get the best of Sporcle when you Go Orange. This ad-free experience offers more features, more stats, and more fun while also helping to support Sporcle. Thank you for becoming a member.

You're not logged in!

Compare scores with friends on all Sporcle quizzes.
OR
Log In

Sporcle TV

Today on Sporcle TV


Watch our educational content, quiz creation guides, and fun videos on Sporcle TV.

Show Comments

Extras

Top Quizzes Today


Score Distribution

Paid Content

Your Account Isn't Verified!

In order to create a playlist on Sporcle, you need to verify the email address you used during registration. Go to your Sporcle Settings to finish the process.

Report this User

Report this user for behavior that violates our Community Guidelines.

Details: